000
00227nam a22000857a 4500
008
161201b xxu||||| |||| 00| 0 eng d
100
_9
1658
_a
Khan,F.A
245
_a
Level-3 Communicative English Primer-A
260
_a
New Delhi
_b
Machill
999
_c
4371
_d
4371